|
|
|
|
| LEADER |
01091nam a2200337 a 4500 |
| 001 |
001379044 |
| 003 |
CZ BrMZK |
| 005 |
20140506111320.0 |
| 007 |
ta |
| 008 |
140407s1931 xr g 000 f cze |
| 015 |
|
|
|a cnb000935566
|
| 020 |
|
|
|q (Váz.)
|
| 035 |
|
|
|a (OCoLC)85511630
|
| 040 |
|
|
|a ABA001
|b cze
|c KLG001
|d BOA001
|
| 041 |
1 |
|
|a cze
|h eng
|
| 072 |
|
7 |
|a 821.111(73).09
|x Americká literatura (o ní)
|2 Konspekt
|9 11
|
| 080 |
|
|
|a 821.111(73)-31
|2 MRF
|
| 080 |
|
|
|a (0:82-311.3)
|2 MRF
|
| 100 |
1 |
|
|a Brand, Max,
|d 1892-1944
|7 jn19981000325
|4 aut
|
| 245 |
1 |
0 |
|a Vůdce k štěstí /
|c Max Brand ; přeložil W.F. Waller
|
| 260 |
|
|
|a V Praze :
|b Sfinx,
|c 1931
|
| 300 |
|
|
|a 290 s. ;
|c 19 cm
|
| 490 |
1 |
|
|a Nové cíle ;
|v sv. 443
|
| 500 |
|
|
|a Přeloženo z angličtiny?
|
| 655 |
|
7 |
|a americké romány
|7 fd131796
|2 czenas
|
| 655 |
|
7 |
|a dobrodružné romány
|7 fd132061
|2 czenas
|
| 830 |
|
0 |
|a Nové cíle (Sfinx)
|0 s
|
| 910 |
|
|
|a BOA001
|b 1-1325.172
|
| 990 |
|
|
|a BK
|
| 991 |
|
|
|b 201405
|e b
|
| 996 |
6 |
|
|b 2610587597
|c 1-1325.172
|l MZK
|r Sklad / do 1 hodiny
|n 0
|p dar
|w 001414092
|u 000010
|a 1
|e BOA001
|j MZK50
|s P
|